| 000 | 01104cgm a2200325 4500 | ||
|---|---|---|---|
| 001 | E1373 | ||
| 008 | 090401t1993 xxu||||| |||| 00| 0 eng d | ||
| 035 | _a(Sirsi) u32655 | ||
| 041 | _aeng | ||
| 050 | _a336.21 | ||
| 100 | _aStevens, David | ||
| 245 | _aRating in the 1990`s no.2 | ||
| 260 |
_aLondon _bRoyal Institution of Chartered Surveyors _c1993 |
||
| 300 | _a1 sound cassette (60 min) | ||
| 350 | _a10.21 | ||
| 490 | _aOwlion Audio Programme | ||
| 520 | _aThis programme explains the Appeal Procedure, Composite Properties, Transitional Relief and Council Tax. The programme also includes a discussion between the contributing Rating Consultants on a number of practical problems. | ||
| 650 | _aAUDIO CASSETTES | ||
| 650 | _aCOMPOSITE PROPERTIES | ||
| 650 | _aCOUNCIL TAX | ||
| 650 | _aRATING APPEALS | ||
| 650 | _aTRANSITIONAL RELIEF | ||
| 690 | _aRATING AND VALUATION | ||
| 700 | _aMabey, Dennis | ||
| 700 | _aDixon, Tom | ||
| 710 |
_aRoyal Institution of Chartered Surveyors _94900 |
||
| 710 |
_aCollege of Estate Management _9400 |
||
| 942 | _n0 | ||
| 948 | _c04/03/1997 | ||
| 999 |
_c85206 _d85206 |
||